000 00550nam a2200133Ia 4500
008 171212s9999 xx 000 0 und d
020 _a9780833030955
100 _aOliker, Olga;Charlick-Paley, Tanya
245 _cOliker, Olga;Charlick-Paley, Tanya
_aAssessing Russia's Decline
_bTrends and Implications for the United States and the U.S. Air Force
260 _bRAND Corporation
_c2002
650 _aPolitical Science
650 _aRussia (Federation) -- Strategic aspects; United States. Air Force
856 _uwww.jstor.org/stable/10.7249/mr1442af
999 _c351757
_d351757